Scholastic's The magic school bus ups and downs : (Record no. 8480)

MARC details
000 -LEADER
fixed length control field 01741cam a2200433 a 4500
001 - CONTROL NUMBER
control field 8480
003 - CONTROL NUMBER IDENTIFIER
control field FISKH
005 - DATE AND TIME OF LATEST TRANSACTION
control field 20250915140701.0
008 - FIXED-LENGTH DATA ELEMENTS--GENERAL INFORMATION
fixed length control field 970210s1997 nyua b 000 1 eng d
010 ## - LIBRARY OF CONGRESS CONTROL NUMBER
LC control number 97128056
020 ## - INTERNATIONAL STANDARD BOOK NUMBER
International Standard Book Number 0590921584 (pbk.) :
Terms of availability $5.99
020 ## - INTERNATIONAL STANDARD BOOK NUMBER
International Standard Book Number 9780590921589
020 ## - INTERNATIONAL STANDARD BOOK NUMBER
International Standard Book Number 9780590921589
035 ## - SYSTEM CONTROL NUMBER
System control number 3549132
040 ## - CATALOGING SOURCE
Original cataloging agency NcFayC
Transcribing agency NcFayC
Modifying agency DLC
Language of cataloging eng
050 04 - LIBRARY OF CONGRESS CALL NUMBER
Classification number QC147.5
Item number .M37 1997
082 00 - DEWEY DECIMAL CLASSIFICATION NUMBER
Classification number 532.25
Edition number 21
100 1# - MAIN ENTRY--PERSONAL NAME
Personal name Mason, Jane B.
245 10 - TITLE STATEMENT
Title Scholastic's The magic school bus ups and downs :
Remainder of title a book about floating and sinking /
Statement of responsibility, etc. [adaptation by Jane B. Mason ; illustrated by Nancy Stevenson].
260 ## - PUBLICATION, DISTRIBUTION, ETC.
Place of publication, distribution, etc. New York :
Name of publisher, distributor, etc. Scholastic,
Date of publication, distribution, etc. 1997.
300 ## - PHYSICAL DESCRIPTION
Extent 28 unnumbered pages :
Other physical details color illustrations ;
Dimensions 21 cm
336 ## - CONTENT TYPE
Content type term text
Content type code txt
Source rdacontent
337 ## - MEDIA TYPE
Media type term unmediated
Media type code n
Source rdamedia
338 ## - CARRIER TYPE
Carrier type term volume
Carrier type code nc
Source rdacarrier
500 ## - GENERAL NOTE
General note "Watch Scholastic's The Magic School Bus TV Show on PBS"--Logo on cover.
500 ## - GENERAL NOTE
General note "Based on the episode from the animated TV series produced by Scholastic Productions, Inc."--T.p. verso.
505 ## - FORMATTED CONTENTS NOTE
Formatted contents note N<br/>
520 ## - SUMMARY, ETC.
Summary, etc. The kids from Ms. Frizzle's class learn lessons about why objects float or sink when they board the Magic School Bus--tranformed into a bus-boat--to investigate a report of a monster living in Walker Lake.
521 8# - TARGET AUDIENCE NOTE
Target audience note 580<br/>
Source Lexile <br/>
521 8# - TARGET AUDIENCE NOTE
Target audience note N<br/>
Source Raz-Plus<br/>
650 #0 - SUBJECT ADDED ENTRY--TOPICAL TERM
Topical term or geographic name entry element Floating bodies
General subdivision Juvenile literature.
650 #0 - SUBJECT ADDED ENTRY--TOPICAL TERM
Topical term or geographic name entry element Hydrostatics
General subdivision Juvenile literature.
650 #0 - SUBJECT ADDED ENTRY--TOPICAL TERM
Topical term or geographic name entry element Buoyant ascent (Hydrodynamics)
General subdivision Juvenile literature.
650 #1 - SUBJECT ADDED ENTRY--TOPICAL TERM
Topical term or geographic name entry element Floating bodies.
700 1# - ADDED ENTRY--PERSONAL NAME
Personal name Stevenson, Nancy W.,
Relator term illustrator
906 ## - LOCAL DATA ELEMENT F, LDF (RLIN)
a 7
b cbc
c copycat
d 3
e ncip
f 19
g y-gencatlg
942 ## - ADDED ENTRY ELEMENTS (KOHA)
Source of classification or shelving scheme Dewey Decimal Classification
Koha item type Books
Suppress in OPAC No
Holdings
Withdrawn status Lost status Source of classification or shelving scheme Damaged status Not for loan Collection Home library Current library Shelving location Date acquired Total Checkouts Full call number Barcode Date last seen Copy number Price effective from Koha item type
    Dewey Decimal Classification     Non-Fiction Footprints International School Library Network Toul Tom Poung Campus Footprints International School Library Network Toul Tom Poung Campus TTP Primary Yellow Bookshelves 09/15/2025   MAS 532.25 QC147 .M37 FIS02567 09/15/2025 1 09/15/2025 Books